The primacy of vision in Virgil's Aeneid (Record no. 36076)
[ view plain ]
| 000 -LEADER | |
|---|---|
| fixed length control field | 01753nam a2200409 a 4500 |
| 082 04 - DEWEY DECIMAL CLASSIFICATION NUMBER | |
| Classification number | 873/.01 |
| 100 1# - MAIN ENTRY--AUTHOR NAME | |
| Personal name | Smith, Alden. |
| 245 14 - TITLE STATEMENT | |
| Title | The primacy of vision in Virgil's Aeneid |
| 250 ## - EDITION STATEMENT | |
| Edition statement | 1st ed. |
| 260 ## - PUBLICATION, DISTRIBUTION, ETC. (IMPRINT) | |
| Place of publication | Austin : |
| Name of publisher | University of Texas Press, |
| Year of publication | 2005. |
| 300 ## - PHYSICAL DESCRIPTION | |
| Number of Pages | xvi, 253 p. : |
| Other physical details | ill. |
| 505 0# - FORMATTED CONTENTS NOTE | |
| Formatted contents note | Prophaenomena ad Vergilium -- Ruse and revelation : visions of the divine and the telos of narrative -- Vision past and future -- Hic amor : love, vision, and destiny -- Vision's victory and the telos of narrative -- Conclusion. |
| 650 #0 - SUBJECT ADDED ENTRY--TOPICAL TERM | |
| Topical Term | Aeneas (Legendary character) in literature. |
| Topical Term | Epic poetry, Latin |
| Topical Term | Visual perception in literature. |
| Topical Term | Art and literature |
| Topical Term | Visions in literature. |
| Topical Term | Vision in literature. |
| 856 40 - ELECTRONIC LOCATION AND ACCESS | |
| Uniform Resource Identifier | http://site.ebrary.com/lib/rucke/Doc?id=10245747 |
No items available.
